| 000 | 00740nam a22002177a 4500 | ||
|---|---|---|---|
| 005 | 20100806145013.0 | ||
| 010 | _aENG-98503 | ||
| 020 | _c80.00 | ||
| 035 | _aEN-82036 | ||
| 037 | _bDBAD/PUB | ||
| 082 | _a658.8342 | ||
| 100 |
_d. _aBalasubramaniam, D. _99619 |
||
| 245 |
_aConsumer behaviour / _cby D. Balasubamaniam |
||
| 260 |
_aKarodachery _bAruna Pathippagam _c2008 |
||
| 270 |
_a48/2008, 35, Gandhi Colony _bKarodachery _e613703 |
||
| 300 |
_a100p. _c21cm (pbk) |
||
| 650 |
_aConsumers _99620 |
||
| 650 |
_aConsumer behaviour _99621 |
||
| 942 |
_2ddc _cEN _h658.8342 _mBAL |
||
| 999 |
_c39827 _d39827 |
||